Capitales des pays - Statistiques

Statistiques générales
  • Ce quiz a été pris 109 fois
    89 depuis la dernière actualisation
  • Le résultat moyen est 63 sur 194
Statistiques - réponses
Pays Capitale % Correct
France Paris
90%
Espagne Madrid
87%
Allemagne Berlin
82%
Royaume-Uni Londres
82%
Algérie Alger
80%
Portugal Lisbonne
80%
Pays-Bas Amsterdam
79%
Belgique Bruxelles
75%
Luxembourg Luxembourg
75%
Russie Moscou
75%
Chine Pékin
75%
Grèce Athènes
73%
Ukraine Kiev
73%
Italie Rome
73%
Suisse Berne
72%
Japon Tokyo
72%
Irlande Dublin
70%
Mexique Mexico
70%
Canada Ottawa
70%
Roumanie Bucarest
68%
Hongrie Budapest
68%
Finlande Helsinki
68%
Égypte Le Caire
68%
Norvège Oslo
66%
Turquie Ankara
65%
Argentine Buenos Aires
65%
Israël Jérusalem
65%
Monaco Monaco
65%
États-Unis Washington D.C.
63%
Australie Canberra
61%
Danemark Copenhague
55%
Pérou Lima
54%
Maroc Rabat
54%
Autriche Vienne
54%
Pologne Varsovie
51%
Sénégal Dakar
49%
Uruguay Montevideo
49%
Islande Reykjavik
49%
Corée du sud Séoul
49%
Tunisie Tunis
49%
République Tchèque Prague
48%
Liban Beyrouth
46%
Indonésie Jakarta
46%
Singapour Singapour
46%
Bulgarie Sofia
46%
Suède Stockholm
46%
Andorre Andorre-la-Vieille
45%
Thaïlande Bangkok
45%
Cuba La Havane
45%
Panama Panama
45%
Afrique du sud Bloemfontein, Pretoria, ...
44%
Qatar Doha
44%
Biélorussie Minsk
44%
Irak Bagdad
42%
République démocratique du Congo Kinshasa
42%
Croatie Zagreb
42%
Lettonie Riga
41%
Émirats arabes unis Abou Dabi
39%
Serbie Belgrade
39%
Jamaïque Kingston
39%
Saint-Vincent-Et-Les-Grenadines Kingstown
39%
Koweït Koweït
39%
Malte La Valette
39%
Syrie Damas
38%
Djibouti Djibouti
38%
Afghanistan Kaboul
38%
Bolivie La Paz, Sucre
38%
Venezuela Caracas
37%
Kenya Nairobi
37%
Chypre Nicosie
37%
Burkina Faso Ouagadougou
37%
Corée du nord Pyongyang
37%
Vatican Vatican city
37%
Mali Bamako
35%
Viêt Nam Hanoï
35%
Pakistan Islamabad
35%
Mongolie Oulan-Bator
35%
Chili Santiago
35%
Haïti Port-Au-Prince
34%
Bosnie-Herségovine Sarajevo
34%
Moldavie Chisinau
32%
Bangladesh Dacca
32%
Lituanie Vilnius
32%
Jordanie Amman
31%
Madagascar Antananarivo
31%
Guatemala Guatemala
31%
Philippines Manille
31%
Inde New Dehli
31%
Arabie saoudite Riyad
31%
Estonie Tallinn
31%
Ghana Accra
30%
Éthiopie Addis-Abeba
30%
Paraguay Asuncion
30%
Népal Katmandou
30%
Albanie Tirana
30%
Libye Tripoli
30%
Liechtenstein Vaduz
30%
Guinée-Bissau Bissau
28%
Arménie Erevan
28%
Gabon Libreville
28%
Équateur Quito
28%
Nouvelle-Zélande Wellington
28%
Azerbaïdjan Bakou
27%
Saint-Marin Saint-Marin
27%
Macédoine du nord Skopje
27%
Iran Téhéran
27%
Guinée Conakry
25%
Sierra Leone Freetown
25%
Taïwan Taipei
25%
Soudan Khartoum
24%
Angola Luanda
24%
Bahamas Nassau
24%
Monténégro Podgorica
24%
Kosovo Pristina
24%
Nigeria Abuja
23%
Togo Lomé
23%
Maldives Malé
23%
Somalie Mogadiscio
23%
Cambodge Phnom Penh
23%
République Centrafricaine Bangui
21%
Guyana Georgetown
21%
Zimbabwe Harare
21%
Liberia Monrovia
21%
São Tomé-et-Principe São-Tomé
21%
Timor-Leste Dili
20%
Ouganda Kampala
20%
Rwanda Kigali
20%
Niger Niamey
20%
Costa rica San José
20%
Salvador San Salvador
20%
Kirghizistan Bichkek
18%
Oman Mascate
18%
Tchad N' Djaména
18%
Kazakhstan Nour-Soultan
18%
Île Maurice Port-Louis
18%
République dominicaine Saint-Domingue
18%
Géorgie Tbilissi
18%
Cameroun Yaoundé
18%
Gambie Banjul
17%
Tanzanie Dodoma
17%
Nicaragua Managua
17%
Mozambique Maputo
17%
Yémen Sanaa
17%
Ouzbékistan Tachkent
17%
Belize Belmopan
15%
Soudan du sud Djouba
15%
Zambie Lusaka
15%
Bahreïn Manama
15%
Laos Vientiane
15%
Türkménistan Achgabat
14%
Érythrée Asmara
14%
Guinée Équatoriale Malabo
14%
Trinité-Et-Tobago Port-d'Espagne
14%
Papouasie-Nouvelle-Guinée Port Moresby
14%
Bénin Porto-Novo
14%
Sri lanka Sri Jayawardenapura Kotte
14%
Samoa Apia
13%
Sainte-Lucie Castries
13%
Tuvalu Funafuti
13%
Botswana Gaborone
13%
Burundi Gitega
13%
Malawi Lilongwe
13%
Eswatini / Swaziland Mbabane
13%
Comores Moroni
13%
Cap-Vert Praia
13%
Brunei Bandar Seri Begawan
11%
Palestine Jérusalem-Est, Ramallah
11%
Lesotho Maseru
11%
Birmanie Naypyidaw
11%
Namibie Windhoek
11%
Îles Salomon Honiara
10%
États fédérés de Micronésie Palikir
10%
Suriname Paramaribo
10%
Vanuatu Port-Vila
10%
Dominique Roseau
10%
Honduras Tégucigalpa
10%
Seychelles Victoria
10%
Bhoutan Timphou
8%
Îles Marshall Delap-Uliga-Darrit
7%
Antigua-Et-Barbuda Saint-John's
7%
Fidji Suva
7%
Nauru Yaren
7%
Tonga Nuku' Alofa
6%
Côte d'ivoire Yamoussokkro
6%
Malaisie Kuala Lampur, Putrajaya
4%
Kiribati Tarawa-Sud
4%
Niue Alofi
1%
Îles Cook Avarua
1%
Saint-Cristophe-Et-Niévès Bassaterre
1%
Slovénie Ljublijana
1%
Palaos Melekeok
1%
Mauritanie Nouakchatt
1%
Tadjikistan Dounchanbé
0%
Grenade Saint-Goerges
0%
Aucun quiz correspondant
Distribution des résultats
% des personnes avec chaque résultat
Percentile par nombre de réponses
Votre historique - résultats
Vous n’avez pas pris ce quiz depuis la dernière actualisation